000 00755nam a2200229 a 4500
001 49081
003 BD-RjUL
005 20211209054630.0
008 160817s1971 b ||||| |||| 00| 0 eng d
020 _c : Tk.3.50
035 _a(BD-RjUL)49200
040 _aBD-RjUL
_bben
_cBD-RjUL
041 _aben
082 _223
_a891.441
_bSAA 1971
100 1 _aসাত্তার, আবদুস
_9147649
245 1 0 _aঅন্তরঙ্গ ধ্বনি /
_cআবদুস সাত্তার.
260 _aঢাকা :
_bসাকীব ব্রাদার্স,
_c১৯৭১
300 _a৫৬ পৃ ;
_c২৩ সেমি.
650 _aবাংলা কবিতা
_9147092
650 _aBangali Poetry
_9145103
942 _2ddc
_cBK
999 _c49081
_d49081